000
00255nmm a2200097Ia 4500
008
220120s9999||||xx |||||||||||||||||und||
082
_a
621.392 BAS
100
_a
Pearson education asia
245
0
_a
Verilog HDL synthesis a practical primer
260
_c
2001
999
_c
138833
_d
138833